00402nam a2200145Ia 4500003000400000005001700004008004000021040000700061041001200068082001600080100005600096245005300152260004300205300000800248OSt20250208111234.0210210b1993 xxu||||| |||| 00| 0 eng d cAL aKannada aK894.3 MUKJ aMUKTA (C N).dಮುಕ್ತಾ (ಸಿ ಎನ್) aJivana taranga.bಜೀವನ ತರಂಗ  aBengalurbRajalakshmi Prakashanac1993 a208